Kontrola a audit (ve finančních institucích, pojišťovnách)
Salvato in:
| Autore principale: | |
|---|---|
| Natura: | Libro |
| Lingua: | ceco |
| Pubblicazione: |
Praha
Vysoká škola finanční a správní
2010
|
| Edizione: | 1. vyd. |
| Serie: | Eupress
|
| Soggetti: | |
| Tags: |
Nessun Tag, puoi essere il primo ad aggiungerne!!
|
MARC
| LEADER | 00000nam a2200000 4500 | ||
|---|---|---|---|
| 001 | 0233609 | ||
| 005 | 20240315114522.7 | ||
| 020 | |a 978-80-7408-027-2 | ||
| 041 | 0 | |a cze | |
| 044 | |a CZ | ||
| 245 | 1 | 0 | |a Kontrola a audit |b (ve finančních institucích, pojišťovnách) |c Pavel Schránil |
| 250 | |a 1. vyd. | ||
| 264 | 1 | |a Praha |b Vysoká škola finanční a správní |c 2010 | |
| 300 | |a 69 s. | ||
| 490 | 1 | |a Eupress | |
| 830 | 0 | |a Eupress | |
| 610 | 2 | 0 | |a organizácie finančné |
| 610 | 2 | 0 | |a poisťovne |
| 610 | 2 | 0 | |a banky |
| 610 | 2 | 0 | |a účtovníctvo |
| 610 | 2 | 0 | |a audit |
| 610 | 2 | 0 | |a kontrola |
| 610 | 2 | 0 | |a vývoj |
| 610 | 2 | 0 | |a audítori |
| 610 | 2 | 0 | |a audit externý |
| 610 | 2 | 0 | |a audit interný |
| 100 | 1 | |a Schránil, Pavel | |